Hellenic perspectives : essays in the history of Greece

Saved in:
Bibliographic Details
Other Authors: Κουμουλίδης, Ιωάννης Τ., 1938-
Format: Book
Language:English
Published: United States of America : University Press of America, c1980
Subjects:
Tags: Add Tag
No Tags, Be the first to tag this record!

MARC

LEADER 00000nam a2200000 i 4500
001 1/46091
008 961118s1980 eng d
020 |a 0-8191-1107-4(case) 
020 |a 0-8191-1108-2(perfect) 
035 |l 10026259 
040 |a GR-MY-UA  |b gre  |e aacr 
041 0 |a eng 
082 0 |a 938 
245 1 0 |a Hellenic perspectives :  |b essays in the history of Greece /  |c edited by: John T.A. Koumoulides 
260 |a United States of America :   |b University Press of America,   |c c1980 
300 |a 376 p. 
651 0 |a Greece  |x History. 
700 1 |a Κουμουλίδης, Ιωάννης Τ.,   |d 1938- 
852 |a INST  |b CHIOS  |e 19961118  |h 938 HEL  |p 005200010938  |q 005200010938  |t BK  |y 0 
909 |a Χ  |b 047910